Dạy học trực tuyến và soạn sách điện tử với Macromedia Captivate /
Bewaard in:
| Hoofdauteur: | |
|---|---|
| Andere auteurs: | , |
| Formaat: | Sách giấy |
| Taal: | Vietnamese |
| Gepubliceerd in: |
H. :
Giao thông Vận tải,
2009.
|
| Onderwerpen: | |
| Tags: |
Voeg label toe
Geen labels, Wees de eerste die dit record labelt!
|
| Thư viện lưu trữ: | Thư viện Trường Đại học Đà Lạt |
|---|
| LEADER | 01019nam a2200349 4500 | ||
|---|---|---|---|
| 001 | DLU090081876 | ||
| 005 | ##20090910 | ||
| 040 | # | # | |a DLU |b vie |
| 041 | # | # | |a vie |
| 044 | # | # | |a vn |
| 082 | # | # | |a 370.285 |b PH-L |
| 100 | # | # | |a Phan Long, |c TS. |
| 245 | # | # | |a Dạy học trực tuyến và soạn sách điện tử với Macromedia Captivate / |c Phan Long, Phạm Quang Huy, Phùng Thị Nguyệt. |
| 246 | # | # | |a Dạy học trực tuyến & soạn sách điện tử với Macromedia Captivate |
| 260 | # | # | |a H. : |b Giao thông Vận tải, |c 2009. |
| 300 | # | # | |a 527 tr. : |b minh hoạ ; |c 21 cm. |
| 653 | # | # | |a Phần mềm Captivate |
| 653 | # | # | |a Sách thực hành |
| 653 | # | # | |a Tin học ứng dụng |
| 700 | # | # | |a Phùng Thị Nguyệt. |
| 700 | # | # | |a Phạm Quang Huy. |
| 923 | # | # | |a 10/2009 |
| 991 | # | # | |a GT |
| 992 | # | # | |a 85000 |
| 994 | # | # | |a DLU |
| 900 | # | # | |a True |
| 911 | # | # | |a Đào Thị Thu Huyền |
| 925 | # | # | |a G |
| 926 | # | # | |a A |
| 927 | # | # | |a SH |
| 980 | # | # | |a Thư viện Trường Đại học Đà Lạt |